000 01280nam a2200337Ia 4500
001 ebr10660457
003 CaPaEBR
006 m u
007 cr cn|||||||||
008 081218s2009 nyua sb 001 0 eng d
010 _z 2008054297
020 _z1606926365 (hardcover)
020 _z9781606926369 (hardcover)
020 _z9781608763276
040 _aCaPaEBR
_cCaPaEBR
035 _a(OCoLC)761478404
050 1 4 _aRC454.4
_b.A22 2009eb
082 0 4 _a616.89
_222
245 0 0 _aAbnormal psychology
_h[electronic resource] :
_bnew research /
_cHelen D. Friedman and Paulina K. Revera, editors.
260 _aNew York :
_bNova Science Publishers,
_cc2009.
300 _axii, 283 p. :
_bill.
504 _aIncludes bibliographical references and index.
533 _aElectronic reproduction.
_bPalo Alto, Calif. :
_cebrary,
_d2013.
_nAvailable via World Wide Web.
_nAccess may be limited to ebrary affiliated libraries.
650 0 _aPsychology, Pathological.
650 0 _aPsychology.
655 7 _aElectronic books.
_2local
700 1 _aFriedman, Helen D.
700 1 _aRevera, Paulina K.
710 2 _aebrary, Inc.
856 4 0 _uhttp://site.ebrary.com/lib/rucke/Doc?id=10660457
_zAn electronic book accessible through the World Wide Web; click to view
999 _c67790
_d67790